Malaysia-UK Programme for the Conservation, Management and Development of Forest Resources, 21-24 October 1996, Kuala Lumpur, Malaysia

Bibliographic Details
Corporate Author: WORKSHOP on Conservation, Management and Development of Forest Resources
Format: Book
Published: Kuala Lumpur : Institut Penyelidikan Perhutanan Malaysia , (1996)
Subjects:

MARC

LEADER 00000cam a2200000 7i4500
001 0000001786
005 20040326.0
090 0 0 |a JPSM 333.9516   |b WOR (1996) 
110 1 0 |a WORKSHOP on Conservation, Management and Development of Forest Resources   |k 1996   |j Kuala Lumpur 
245 1 0 |a Malaysia-UK Programme for the Conservation, Management and Development of Forest Resources, 21-24 October 1996, Kuala Lumpur, Malaysia 
260 0 0 |a Kuala Lumpur :   |b Institut Penyelidikan Perhutanan Malaysia ,   |c (1996) 
300 |a Various pagings ;   |c 29 cm. 
500 0 0 |a Includes bibliographical references 
500 0 0 |a Jointly organised by Forestry Department Peninsular Malaysia, Forest Research Institute Malaysia, International Institute for Environment and Development (Environmental Economics Programme) 
650 0 0 |a Biological diversity conservation   |x Congresses 
650 0 0 |a Forest genetic resources conservation   |x Congresses 
650 0 0 |a Forest management   |x Congresses 
998 |a JPSM 
999 |a 0000005192   |b Monograph   |c Open Shelf   |e Default branch 
999 |a 0000005193   |b Monograph   |c Open Shelf   |e Default branch 
999 |a 0000005194   |b Monograph   |c Open Shelf   |e Default branch